Thung lũng silicon - những bí mật marketing chưa từng được tiết lộ
Đưa ra tranh luận những vấn đề còn bỏ ngỏ, đồng thời trình bày chi tiết lý thuyết về marketing các sản phẩm công nghệ cao thông qua nhiều ví dụ thực tiễn từ các nhà sản xuất đồ công nghệ cao như HP, Apple, Pyramid,......
Gardado en:
| Autor Principal: | |
|---|---|
| Outros autores: | |
| Formato: | Libro |
| Idioma: | Undetermined |
| Publicado: |
H.
Bách khoa
2013
|
| Những chủ đề: | |
| Acceso en liña: | http://lrc.tdmu.edu.vn/opac/search/detail.asp?aID=2&ID=19901 |
| Các nhãn: |
Engadir etiqueta
Sen Etiquetas, Sexa o primeiro en etiquetar este rexistro!
|
| Thư viện lưu trữ: | Trung tâm Học liệu Trường Đại học Thủ Dầu Một |
|---|
| LEADER | 01063nam a2200217Ia 4500 | ||
|---|---|---|---|
| 001 | TDMU_19901 | ||
| 008 | 210410s9999 xx 000 0 und d | ||
| 082 | |a 659 | ||
| 090 | |b M433 | ||
| 100 | |a Moore, Geoffrey A | ||
| 245 | 0 | |a Thung lũng silicon - những bí mật marketing chưa từng được tiết lộ | |
| 245 | 0 | |c Geoffrey A. Moore; Nguyễn Hồng (dịch) | |
| 260 | |a H. | ||
| 260 | |b Bách khoa | ||
| 260 | |c 2013 | ||
| 300 | |a 346 tr. | ||
| 520 | |a Đưa ra tranh luận những vấn đề còn bỏ ngỏ, đồng thời trình bày chi tiết lý thuyết về marketing các sản phẩm công nghệ cao thông qua nhiều ví dụ thực tiễn từ các nhà sản xuất đồ công nghệ cao như HP, Apple, Pyramid,... | ||
| 650 | |a Tiếp thị |x Công nghệ cao; Marketing | ||
| 700 | |a Nguyễn, Hồng | ||
| 856 | |u http://lrc.tdmu.edu.vn/opac/search/detail.asp?aID=2&ID=19901 | ||
| 980 | |a Trung tâm Học liệu Trường Đại học Thủ Dầu Một | ||